00928 a2200229 4500010001400000020002300014035001300037037001600050082000800066245010700074246002200181260008900203300003200292520018800324650003100512650002200543650003100565700001900596700002000615710003000635710003300665 aENG-86324 a8172149247c175.00 aEN-69857 bDBAD / PUB.14a28010aSharing diversity in missiological research and educationcedited by L. Stanislaus and John F. Gorski.18aSharing diversity aDelhi :bIndian Society for Promoting Christian Knowledge and Ishvani Kendra,c2006. axiv, 255 p. ;c23 cm. (Pbk) aContributed papers presented at 2nd General Assembly of the International Association of Catholic Missiologists (IACM), held in Cochabamba, Bolivia, from 30th Sept. to 3rd Oct., 2004. 0aMissionsxEducational work 0aEvangelistic work 0aChurch and social problems1 aStanislaus, L.1 aGorski, Juan F.2 aI.S.P.C.K. (Organization)2 aIshvani Kendra (Pune, India)